Fc Bayern München Kader 24/25 - Statistiken

Allgemein
  • Dieses Quiz wurde 1.268 mal gespielt
  • Das Durchschnittsergebnis liegt bei 20 aus 27
Antwortstatistiken
Bildquiz Antwort % Korrekt
Manuel Neuer
100%
Dayot Upamecano
92%
Joshua Kimmich
92%
Sven Ulreich
92%
Jonas Urbig
90%
Alphonso Davies
88%
Eric Dier
88%
Leon Goretzka
88%
Hiroki Ito
83%
Jamal Musiala
83%
Sacha Boey
83%
Harry Kane
81%
Kim Min Jae
79%
Konrad Laimer
78%
Leroy Sane
78%
Daniel Peretz
76%
Josip Stanisic
76%
Serge Gnabry
76%
Thomas Müller
75%
Kingsley Coman
72%
Aleksander Pavlovic
71%
Michael Olise
70%
Raphaël Guerreiro
61%
Vincent Kompany
56%
Tarek Buchmann
47%
João Palhinha
34%
Gabriel Vidovic
31%
Keine übereinstimmenden Quizze gefunden
Verteilung der Resultate
Anzahl Personen mit jedem Resultat
Perzentil nach korrekt beantworteten Fragen
Ihre Resultats-Entwicklung
Sie haben dieses Quiz noch nicht gespielt